El sistema de gobierno societario : Corporate governance en el derecho argentino /
Guardado en:
| Otros Autores: | |
|---|---|
| Formato: | Libro |
| Idioma: | Spanish |
| Publicado: |
Buenos Aires :
LexisNexis Argentina,
2006
|
| Edición: | 1º ed. |
| Etiquetas: |
Agregar Etiqueta
Sin Etiquetas, Sea el primero en etiquetar este registro!
|
| LEADER | 00510nam a22001455a 4500 | ||
|---|---|---|---|
| 001 | DER.der010762 | ||
| 005 | 20110309000000.0 | ||
| 008 | 180615s2006####||||||||||||||||||||spa|| | ||
| 020 | |a 987-592-134-3 | ||
| 245 | 1 | 0 | |a El sistema de gobierno societario : |b Corporate governance en el derecho argentino / |c , dirigido por Rodrigo Luchinsky |
| 250 | |a 1º ed. | ||
| 260 | |a Buenos Aires : |b LexisNexis Argentina, |c 2006 | ||
| 300 | 0 | |a 304 p. | |
| 700 | 1 | |a Luchinsky, Rodrigo |e director | |
| 859 | |a DERECHO |b BIB. DERECHO |h 346.07 |i LUC |p 006481 | ||
